Prospecting in Canada, (Record no. 29117)

MARC details
000 -LEADER
fixed length control field 00946cam a22003011 4500
001 - CONTROL NUMBER
control field gs 57000026
003 - CONTROL NUMBER IDENTIFIER
control field DLC
005 - DATE AND TIME OF LATEST TRANSACTION
control field 20260227111405.0
008 - FIXED-LENGTH DATA ELEMENTS--GENERAL INFORMATION
fixed length control field 910711s1956 oncab b f000 0 eng
010 ## - LIBRARY OF CONGRESS CONTROL NUMBER
LC control number gs 57000026
035 ## - SYSTEM CONTROL NUMBER
System control number (OCoLC)27791928
040 ## - CATALOGING SOURCE
Original cataloging agency DLC
Transcribing agency NAlU
Modifying agency DLC
042 ## - AUTHENTICATION CODE
Authentication code premarc
043 ## - GEOGRAPHIC AREA CODE
Geographic area code n-cn---
050 00 - LIBRARY OF CONGRESS CALL NUMBER
Classification number QE185
Item number .A4 no. 7 1957
051 ## - LIBRARY OF CONGRESS COPY, ISSUE, OFFPRINT STATEMENT
Classification number TN270
Item number .C3 1956
Copy information Copy 2.
110 2# - MAIN ENTRY--CORPORATE NAME
Corporate name or jurisdiction name as entry element Geological Survey of Canada
245 10 - TITLE STATEMENT
Title Prospecting in Canada,
Statement of responsibility, etc. by A.H. Lang.
250 ## - EDITION STATEMENT
Edition statement 3d ed.
260 ## - PUBLICATION, DISTRIBUTION, ETC.
Place of publication, distribution, etc. [Ottawa]
Name of publisher, distributor, etc. E. Cloutier, Queen's Printer,
Date of publication, distribution, etc. 1956.
300 ## - PHYSICAL DESCRIPTION
Extent xiii, 401 p.
Other physical details illus. (part col.) maps, diagrs., tables.
Dimensions 25 cm.
490 1# - SERIES STATEMENT
Series statement Its Economic geology series,
Volume/sequential designation no. 7
504 ## - BIBLIOGRAPHY, ETC. NOTE
Bibliography, etc. note Includes bibliographies.
650 #0 - SUBJECT ADDED ENTRY--TOPICAL TERM
Topical term or geographic name entry element Prospecting.
650 #0 - SUBJECT ADDED ENTRY--TOPICAL TERM
Topical term or geographic name entry element Ore-deposits
Geographic subdivision Canada.
700 1# - ADDED ENTRY--PERSONAL NAME
Personal name Lang, Arthur Hamilton,
Dates associated with a name 1905-
810 2# - SERIES ADDED ENTRY--CORPORATE NAME
Corporate name or jurisdiction name as entry element Geological Survey of Canada.
Title of a work Economic geology series,
Volume/sequential designation no. 7.

No items available.

Powered by Koha